The Status and Development of Financial Literacy in Hungary

Prehľad opatrení realizovaných za posledných desať rokov na zlepšenie finančnej gramotnosti a informovanosti v Maďarsku. Prezentácia krokov, ktoré podnikli inštitúcie, občianske organizácie a vláda na podporu a rozvoj finančnej gramotnosti a informovanosti. Porovnávacie medzinárodné prieskumy naznač...

Full description

Saved in:
Bibliographic Details
Main Author: Hergár, Eszter
Other Authors: Kovács, Levente, Németh, Erzsébet
Format: Book Chapter
Language:English
Subjects:
Tags: Add Tag
No Tags, Be the first to tag this record!

MARC

LEADER 00000naa a2200000 4500
001 0300442
005 20240523080759.7
041 0 |a eng 
044 |a HU 
245 1 0 |a The Status and Development of Financial Literacy in Hungary  |c Eszter Hergár, Levente Kovács, Erzsébet Németh 
520 |a Prehľad opatrení realizovaných za posledných desať rokov na zlepšenie finančnej gramotnosti a informovanosti v Maďarsku. Prezentácia krokov, ktoré podnikli inštitúcie, občianske organizácie a vláda na podporu a rozvoj finančnej gramotnosti a informovanosti. Porovnávacie medzinárodné prieskumy naznačujú zlepšenie finančného povedomia verejnosti, najmä pokiaľ ide o finančné znalosti, ale ďalší pokrok je potrebný v oblasti finančného postoja a uplatňovania zručností. 
610 2 0 |a gramotnosť finančná 
610 2 0 |a programy rozvojové 
610 2 0 |a vzdelávanie 
610 2 0 |a financie 
610 2 0 |a prieskum 
610 2 0 |a Maďarsko 
100 1 |a Hergár, Eszter 
700 1 |a Kovács, Levente 
700 1 |a Németh, Erzsébet